Red nacional de emergencias.

Збережено в:
Бібліографічні деталі
Автор: Cascante Ramírez, Jhonny
Інші автори: Cascante Ramírez, Anthony
Формат: Книга
Опубліковано: San José, Costa Rica 1994
Предмети:
Теги: Додати тег
Немає тегів, Будьте першим, хто поставить тег для цього запису!

MARC

LEADER 00000nam a2200000Ia 4500
003 007562
005 20221231144301.0
008 140114s1994 cr a m 000 ||s d
040 |c cru CEDI 
090 |a TFG 3212 
100 |a Cascante Ramírez, Jhonny  |9 11146 
245 |a Red nacional de emergencias. 
260 |c 1994  |a San José, Costa Rica 
300 |a  xi, [147] hojas : ilustraciones.  
500 |a  Tesis (licenciatura en ingeniería eléctrica)--Universidad de Costa Rica. Facultad de Ingeniería. Escuela de Ingeniería Eléctrica 
650 |x SISTEMAS DE COMUNICACION EN EMERGENCIAS  |9 11148 
700 |9 11147  |a Cascante Ramírez, Anthony 
942 |c TFG 
999 |c 19563  |d 19563